Hispanismos en el guaraní / (Record no. 107216)

MARC details
000 -LEADER
campo de control de longitud fija 00856nam a2200229 i 4500
001 - NÚMERO DE CONTROL
campo de control 107216
003 - IDENTIFICADOR DE NÚMERO DE CONTROL
campo de control ES-MaACL
005 - FECHA Y HORA DE LA ÚLTIMA TRANSACCIÓN
campo de control 20250726064430.0
007 - CAMPO FIJO DE DESCRIPCIÓN FÍSICA--INFORMACIÓN GENERAL
campo de control de longitud fija t|
008 - DATOS DE LONGITUD FIJA--INFORMACIÓN GENERAL
campo de control de longitud fija 061121s1931 ag |||| | spa d
100 1# - ENTRADA PRINCIPAL--NOMBRE DE PERSONA
Nombre de persona Morínigo, Marcos A.
9 (RLIN) 148369
245 10 - MENCIÓN DEL TÍTULO
Título Hispanismos en el guaraní /
Mención de responsabilidad, etc. Marcos A. Morinigo.
260 ## - PUBLICACIÓN, DISTRIBUCIÓN, ETC.
Lugar de publicación, distribución, etc. Buenos Aires :
Nombre del editor, distribuidor, etc. Facultad de Filosofía y Letras de la Universidad,
Fecha de publicación, distribución, etc. 1931.
300 ## - DESCRIPCIÓN FÍSICA
Extensión 432 p. ;
Dimensiones 24 cm.
490 1# - MENCIÓN DE SERIE
Mención de serie Colección de estudios indigenistas ;
Designación de volumen o secuencia 1
594 ## - Nota al título y mención de responsabilidad
Nota al título y mención de responsabilidad Precede al tít.: Facultad de Filosofía y Letras de la Universidad de Buenos Aires. Instituto de Filología.
650 #7 - PUNTO DE ACCESO ADICIONAL DE MATERIA--TÉRMINO DE MATERIA
Término de materia o nombre geográfico como elemento de entrada Lengua guaraní
Fuente del encabezamiento o término embne
9 (RLIN) 162833
710 2# - ENTRADA AGREGADA--NOMBRE DE ENTIDAD CORPORATIVA
Nombre de entidad corporativa o nombre de jurisdicción como elemento de entrada Instituto de Filología (Buenos Aires)
9 (RLIN) 4943
830 0# - PUNTO DE ACCESO ADICIONAL DE SERIE-TÍTULO UNIFORME
Título uniforme Colección de estudios indigenistas ;
Designación de volumen o secuencia 1
9 (RLIN) 232882
852 ## - LOCALIZACIÓN
Ubicación ES-MaACL
Número de control de estantería A-1196
Holdings
Estatus retirado Estado de pérdida Estado de daño No para préstamo Biblioteca de origen Biblioteca actual Ubicación en estantería Fecha de adquisición Fuente de adquisición Total de préstamos Signatura topográfica completa Código de barras Visto por última vez Precio de reemplazo Tipo de ítem Koha
        Biblioteca del Ateneo de Madrid Biblioteca del Ateneo de Madrid Sala Pecera Planta 1 17/01/2008     A-1196 1111904 23/02/2023 23/02/2023 Libro impreso